| 000 | 00706 a2200229 4500 | ||
|---|---|---|---|
| 003 | Nust | ||
| 005 | 20170207154053.0 | ||
| 010 | _a 2009018445 | ||
| 020 | _a9780470500804 (cloth) | ||
| 040 | _cNust | ||
| 082 | 0 | 0 | _a658.4 |
| 100 | 1 | _aHarold Kerzner, Frank P. Saladis. | |
| 245 | 1 | 0 |
_aValue-driven project management (E-Book) _cHarold Kerzner, Frank P. Saladis. |
| 260 |
_aHoboken, N.J. : _bWiley, _cc2009. |
||
| 300 |
_axii, 276 p. : _bill. ; _c24 cm. |
||
| 490 | 0 | _aThe IIL/Wiley series in proect management | |
| 500 | _aIncludes index. | ||
| 650 | 0 | _aProject management. | |
| 650 | 0 | _aValue analysis (Cost control) | |
| 651 | _aValue-driven project management (E-Book) | ||
| 700 | 1 | _aSaladis, Frank P. | |
| 942 |
_2ddc _cBK |
||
| 999 |
_c193212 _d193212 |
||